Fr. Conceicao Rodrigues College of Engineering

Functional Approach to Precalculus (Record no. 21507)

MARC details
000 -LEADER
fixed length control field 00321nam a2200145Ia 4500
082 ## - DEWEY DECIMAL CLASSIFICATION NUMBER
Classification number 512.1
Item number YIZ
100 ## - MAIN ENTRY--PERSONAL NAME
Personal name Yizze/James P
245 ## - TITLE STATEMENT
Title Functional Approach to Precalculus
260 ## - PUBLICATION, DISTRIBUTION, ETC.
Name of publisher, distributor, etc. Worth Publishers
Place of publication, distribution, etc. Newyork
Date of publication, distribution, etc. 1970
300 ## - PHYSICAL DESCRIPTION
Extent 552
546 ## - LANGUAGE NOTE
Language note ENGLISH
654 ## - SUBJECT ADDED ENTRY--FACETED TOPICAL TERMS
Focus term Precalculus
942 ## - ADDED ENTRY ELEMENTS (KOHA)
Koha item type BOOK
Holdings
Withdrawn status Lost status Damaged status Not for loan Collection Home library Current library Date acquired Total Checkouts Full call number Barcode Date last seen Price effective from Koha item type
        AFT Fr. Agnel's C.Rodrigues College of Engineering Fr. Agnel's C.Rodrigues College of Engineering 17/03/2023   512.1 YIZ AFT1524 17/03/2023 17/03/2023 BOOK